| 000 | 00494cam a2200181 a 4500 | ||
|---|---|---|---|
| 020 | _a9781420043396 (hardback : alk. paper) | ||
| 020 | _a1420043390 (hardback : alk. paper) | ||
| 082 | 0 | 0 |
_a671.35 _bYOU/MA |
| 100 | 1 | _aYoussef, Helmi A. | |
| 245 | 1 | 0 | _aMachining technology : |
| 250 | _aIndian Edition | ||
| 260 |
_aBoca Raton : _bCRC Press, _cc2008. |
||
| 300 |
_axxxvi, 633 p. : _bill. ; |
||
| 650 | 0 | _aMachining. | |
| 650 | 0 | _aMachine-tools. | |
| 700 | 1 | _aEl-Hofy, Hassan. | |
| 942 | _cBK | ||
| 999 |
_c13956 _d13956 |
||